| 000 | 00519nam a22001937a 4500 | ||
|---|---|---|---|
| 999 |
_c7589 _d7589 |
||
| 003 | OSt | ||
| 005 | 20220111152827.0 | ||
| 008 | 220111b ||||| |||| 00| 0 eng d | ||
| 020 | _a9781849207232 | ||
| 040 | _cDDC | ||
| 082 | _a331.125 INT 2011 | ||
| 245 |
_aInternational and comarative employment relations: _bGlobalisation and change. |
||
| 250 | _a5th ed. | ||
| 260 |
_aNew Delhi: _bSage; _c2011, |
||
| 300 |
_axxix,418p; _c24cm. |
||
| 504 | _aIncludes Index. | ||
| 650 |
_aEmployment. _98390 |
||
| 942 |
_2ddc _cBOOK |
||